| 000 | 00803cam a22002532 4500 | ||
|---|---|---|---|
| 001 | 0000019699 | ||
| 005 | 20151217154434.0 | ||
| 008 | 110120s xx 000 0 eng d | ||
| 020 | _a1405136595 : | ||
| 040 |
_aKABU _cKABU |
||
| 245 | 1 | 0 |
_aEssential haematology / _cA. V. Hoffbrand, P. A. H Moss and J. E. Pettit (editors) |
| 250 | _a5th ed. | ||
| 260 |
_aAustralia : _bBlackwell, _c2006. |
||
| 300 | _aix, 380p. | ||
| 650 | 0 |
_aBlood-disease. _@0000179686 |
|
| 650 | 0 |
_aHematology. _@0000179687 |
|
| 700 | 1 |
_aHoffbrand, A. V. _@0000179688 |
|
| 700 | 1 |
_aMoss, P. A. H. _@0000179689 |
|
| 700 | 1 |
_aPettit, J. E. _@0000179690 |
|
| 852 | 1 | _9p4480 KES | |
| 852 | 1 | _9p4480 KES | |
| 908 | _a110120 | ||
| 950 | _@1 | ||
| 999 |
_c11269 _d11269 |
||